01274nab a22002417a 4500999001500000003000400015005001700019008004100036040000700077100003600084245024900120260007300369300001300442500004400455505012900499505008900628650004500717650002500762650004200787700004500829773014500874942001301019 c5445d5445OSt20251020130912.0190604e xxu||||| |||| 00| 0 spa d cPJ 96315aAlvarez, Rocío Belén 10aAnálisis jurídico y constitucional del decreto 62/2025. Inconstitucionalidad, regresividad, falacias y vulneración de derechos en la modificación de la Ley de Identidad de Género /cRocío Belén Álvarez, Estela Luján Núñez. aCiudad Autónoma de Buenos Aires :bThomson Reuters La Ley, c2025. ap. 44-50 aCita Online: TR LALEY AR/DOC/776/2025.  tSumario: I. Resumen del DNU 62/2025.— II. Análisis jurídico y constitucional del dec. 62/2025.— III. Conclusión.  t¿Te interesa el texto completo? Solicitalo al correo: koha@justierradelfuego.gov.ar 094305aDERECHO A LA IDENTIDAD DE GÉNERO 091576aDISCRIMINACION 09200aDECRETOS DE NECESIDAD Y URGENCIA 96316aNuñez, Estela Luján ecoautora0 0271493171dCiudad Autónoma de Buenos Aires : Thomson Reuters La Ley, 2014-tRevista anales de legislación argentina. Nº 4 - Mayo 2025. 2udccANA